| 000 | 01072nac a22003131u 4500 | ||
|---|---|---|---|
| 003 | EG-ScBUE | ||
| 005 | 20220612123432.0 | ||
| 008 | 090218r20112007enka f 000 0 eng d | ||
| 020 | _a9780194715706 | ||
| 040 |
_aEG-ScBUE _beng _erda _cEG-ScBUE _dEG-ScBUE |
||
| 082 | 0 | 4 |
_a428.24 _bSOA _222 |
| 100 | 1 |
_aSoars, John, _d1951- _eauthor. _934639 |
|
| 245 | 1 | 0 |
_aNew headway plus, _pPre-Intermediate, _pTeacher's book / _cJohn and Liz Soars. |
| 246 | 3 | 0 | _aPre-Intermediate |
| 246 | 3 | 0 | _aTeacher's book |
| 250 | _aReprinted edition. | ||
| 264 | 1 |
_aOxford : _bOxford University Press, _c2011. |
|
| 300 |
_a150 pages : _billustrations ; _c28 cm |
||
| 336 |
_2rdacontent _atext _btxt |
||
| 337 |
_2rdamedia _aunmediated _bn |
||
| 338 |
_2rdacarrier _avolume _bnc |
||
| 650 | 7 |
_aEnglish language _vTextbooks for foreign speakers. _2BUEsh |
|
| 650 | 7 |
_aEnglish language _xGrammar _vProblems, exercise and etc. _2BUEsh |
|
| 651 | _2BUEsh | ||
| 653 | _bHHUUEENN | ||
| 655 |
_vReading book _934232 |
||
| 700 | 1 |
_aSoars, Liz, _d1945- _eauthor. _934639 |
|
| 942 |
_cTR _k428.24 SOA _2ddc |
||
| 999 |
_c10879 _d10879 |
||